TEXTBOOK OF INDUSTRIAL PHARMACOGNOSY (Record no. 216355)

MARC details
000 -LEADER
fixed length control field 00521nam a22001697a 4500
008 - FIXED-LENGTH DATA ELEMENTS--GENERAL INFORMATION
fixed length control field 251218b |||||||| |||| 00| 0 eng d
020 ## - INTERNATIONAL STANDARD BOOK NUMBER
International Standard Book Number 978 81 7371 754 3
100 ## - MAIN ENTRY--PERSONAL NAME
Personal name KASHI, ANUSUYA R.
245 ## - TITLE STATEMENT
Title TEXTBOOK OF INDUSTRIAL PHARMACOGNOSY
260 ## - PUBLICATION, DISTRIBUTION, ETC.
Place of publication, distribution, etc. HIMAYATNAGAR, HYDERABAD
Name of publisher, distributor, etc. UNIVERSITIES PRESS
Date of publication, distribution, etc. 2012
300 ## - PHYSICAL DESCRIPTION
Extent XV, 219P.
500 ## - GENERAL NOTE
General note INCLUDES INDEX
650 ## - SUBJECT ADDED ENTRY
Topical term or geographic name entry element 1. PHARMACOGNOSY - TEXTBOOKS 2. MEDICINAL PLANTS -THERAPAUTIC USE
700 ## - ADDED ENTRY--PERSONAL NAME
Personal name RAMACHANDRAN, S
942 ## - ADDED ENTRY ELEMENTS (KOHA)
Source of classification or shelving scheme Library of Congress Classification
Koha item type Long Loan Book
Holdings
Withdrawn status Lost status Source of classification or shelving scheme Damaged status Not for loan Collection Home library Current library Shelving location Date acquired Inventory number Total checkouts Full call number Barcode Date last seen Copy number Price effective from Koha item type Date last checked out
    Library of Congress Classification     Medicine Kisii University Library Kisii University Library On Display 12/18/2025 110589   RS 164 .K37 2012 000000024665 12/18/2025 C.1 12/18/2025 Long Loan Book  
    Library of Congress Classification     Medicine Kisii University Library Kisii University Library On Display 12/18/2025 110590   RS 164 .K37 2012 000000024664 12/18/2025 C.2 12/18/2025 Long Loan Book  
    Library of Congress Classification     Medicine Kisii University Library Kisii University Library On Display 12/18/2025 110591   RS 164 .K37 2012 000000024663 12/18/2025 C.3 12/18/2025 Long Loan Book  
    Library of Congress Classification     Medicine Kisii University Library Kisii University Library On Display 12/18/2025 110592   RS 164 .K37 2012 000000024662 12/18/2025 C.4 12/18/2025 Long Loan Book  
    Library of Congress Classification     Medicine Kisii University Library Kisii University Library On Display 12/18/2025 110593 1 RS 164 .K37 2012 000000024661 03/05/2026 C.5 12/18/2025 Long Loan Book 03/04/2026
    Library of Congress Classification     Medicine Kisii University Library Kisii University Library On Display 12/18/2025 110594   RS 164 .K37 2012 000000024660 12/18/2025 C.6 12/18/2025 Long Loan Book  
    Library of Congress Classification     Medicine Kisii University Library Kisii University Library On Display 12/18/2025 110595   RS 164 .K37 2012 000000001307 12/18/2025 C.7 12/18/2025 Long Loan Book  
    Library of Congress Classification     Medicine Kisii University Library Kisii University Library On Display 12/18/2025 110596   RS 164 .K37 2012 000000001308 12/18/2025 C.8 12/18/2025 Long Loan Book